Score 0/10 Timer 01:00
0 Plays Today
% Correct
Granny Smith
96.5%
Honeycrisp
90.4%
Autumn Glory
84.8%
Fuji
82.5%
Braeburn
75.5%
Pacific Rose
66.7%
Jazz
63.9%
Aurora
60.7%
Opal
39.4%
Sonya
34.3%

Today's Daily Dose

Word Ladder
Athletics

Remove Ads.
Support Sporcle.
Get the best of Sporcle when you Go Orange. This ad-free experience offers more features, more stats, and more fun while also helping to support Sporcle. Thank you for becoming a member.

You're not logged in!

Compare scores with friends on all Sporcle quizzes.
OR
Log In

Show Comments

Extras

Top Quizzes Today


Score Distribution

Your Account Isn't Verified!

In order to create a playlist on Sporcle, you need to verify the email address you used during registration. Go to your Sporcle Settings to finish the process.

Report this User

Report this user for behavior that violates our Community Guidelines.

Details: